| 000 -LEADER |
| fixed length control field |
01352cam a2200337 a 4500 |
| 001 - CONTROL NUMBER |
| control field |
1046079 |
| 003 - CONTROL NUMBER IDENTIFIER |
| control field |
OSt |
| 005 - DATE AND TIME OF LATEST TRANSACTION |
| control field |
20231127113359.0 |
| 008 - FIXED-LENGTH DATA ELEMENTS--GENERAL INFORMATION |
| fixed length control field |
230201s2021 enkab c 000 1 eng d |
| 020 ## - INTERNATIONAL STANDARD BOOK NUMBER |
| International Standard Book Number |
9781782263562 |
| Qualifying information |
(paperback) : |
| 040 ## - CATALOGING SOURCE |
| Original cataloging agency |
TWTCL |
| Language of cataloging |
eng |
| Transcribing agency |
TWTCL |
| Description conventions |
aacr |
| Modifying agency |
KH8 |
| 041 1# - LANGUAGE CODE |
| Language code of text/sound track or separate title |
eng |
| Language code of original |
ita |
| 042 ## - AUTHENTICATION CODE |
| Authentication code |
nbic |
| 082 0# - DEWEY DECIMAL CLASSIFICATION NUMBER |
| Classification number |
FIC STI |
| 100 1# - MAIN ENTRY--PERSONAL NAME |
| Personal name |
Stilton, Geronimo. |
| Relator term |
Author |
| 240 10 - UNIFORM TITLE |
| Uniform title |
Il mistero dell'occhio di smeraldo. |
| Language of a work |
English. |
| 245 10 - TITLE STATEMENT |
| Title |
Lost treasure of the Emerald Eye / |
| Statement of responsibility, etc. |
by Geronimo Stilton. |
| 250 ## - EDITION STATEMENT |
| Edition statement |
2021 edition. |
| 264 #1 - PRODUCTION, PUBLICATION, DISTRIBUTION, MANUFACTURE, AND COPYRIGHT NOTICE |
| Place of production, publication, distribution, manufacture |
Leicester, United Kingdom : |
| Name of producer, publisher, distributor, manufacturer |
Sweet Cherry Publishing, |
| Date of production, publication, distribution, manufacture, or copyright notice |
2021. |
| 300 ## - PHYSICAL DESCRIPTION |
| Extent |
103, [8] pages : |
| Other physical details |
illustrations, maps ; |
| Dimensions |
20 cm. |
| 336 ## - CONTENT TYPE |
| Content type term |
text |
| Content type code |
txt |
| Source |
rdacontent. |
| 337 ## - MEDIA TYPE |
| Media type term |
unmediated |
| Media type code |
n |
| Source |
rdamedia. |
| 338 ## - CARRIER TYPE |
| Carrier type term |
volume |
| Carrier type code |
nc |
| Source |
rdacarrier. |
| 500 ## - GENERAL NOTE |
| General note |
Translation of : Il mistero dell'occhio di smeraldo. |
| 520 ## - SUMMARY, ETC. |
| Summary, etc. |
It all started when my sister, Thea, discovered a mysterious map. It showed a secret treasure on a faraway island. And before I could let out a squeak of protest, Thea dragged me into her treasure hunt! In no time at all, we'd set sail for the island. It was an adventure I'd never forget. |
| 600 10 - SUBJECT ADDED ENTRY--PERSONAL NAME |
| Personal name |
Stilton, Geronimo. |
| 650 #0 - SUBJECT ADDED ENTRY--TOPICAL TERM |
| Topical term or geographic name entry element |
Mice |
| Form subdivision |
Juvenile fiction. |
| 650 #0 - SUBJECT ADDED ENTRY--TOPICAL TERM |
| Topical term or geographic name entry element |
Treasure troves |
| Form subdivision |
Juvenile fiction. |
| 653 ## - INDEX TERM--UNCONTROLLED |
| Uncontrolled term |
KF. |
| 942 ## - ADDED ENTRY ELEMENTS (KOHA) |
| Source of classification or shelving scheme |
|
| Koha item type |
Books - Fiction |